TARGET COSTING MARKET DRIVEN PRODUCT DES (Record no. 29824)

MARC details
000 -LEADER
fixed length control field 00352nam a2200133Ia 4500
008 - FIXED-LENGTH DATA ELEMENTS--GENERAL INFORMATION
fixed length control field 240624s9999 xx 000 0 und d
041 ## - LANGUAGE CODE
Language code of text/sound track or separate title eng
082 ## - DEWEY DECIMAL CLASSIFICATION NUMBER
Classification number 658.5 CLI
100 ## - MAIN ENTRY--PERSONAL NAME
Personal name CLIFTON M BRADFORD
245 ## - TITLE STATEMENT
Title TARGET COSTING MARKET DRIVEN PRODUCT DES
260 ## - PUBLICATION, DISTRIBUTION, ETC.
Date of publication, distribution, etc. 2004
Place of publication, distribution, etc. New York
Name of publisher, distributor, etc. Marcel Dekker
300 ## - PHYSICAL DESCRIPTION
Extent ix, 266 p.; 24 cm.
365 ## - TRADE PRICE
Currency code BPS
Price amount 30
Holdings
Withdrawn status Lost status Damaged status Not for loan Home library Current library Shelving location Date acquired Cost, normal purchase price Full call number Barcode Date last seen Copy number Price effective from Koha item type
        IMTN IMTN Rack 34-A 11/23/2017 147.00 658.5 CLI 29824 06/24/2024 88 06/24/2024 Books
Designed & Maintained by: LRC IMT Nagpur Contact: lrc@imtnag.ac.in© 2024. All Rights Reserved.